00410pab a2200133 454500008004000000100001900040245009900059260000900158300001500167650003500182650002000217650002200237773001700259180718b2017 xxu||||| |||| 00| 0 eng d aPrashant Kumar aGlobal warming and climatic sensitivity: a case study of Uttarakhand state of Indian Himalaya  c2017 ap.589-607. aCase studies - Climatic change aClimatic change aGreenhouse effect aMan in India